000 00597nam a22002297a 4500
003 OSt
005 20220308134156.0
008 220308b |||||||| |||| 00| 0 eng d
020 _a9789353916862
040 _cSTCPL
041 _aMAL
082 _aM1
_bSOH-A
100 _aSohan Roy
_lസോഹൻ റോയ്
245 _aAnumahakavyam /
_cby Sohan Roy
_hഅണുമഹാകാവ്യം
260 _aKochi :
_bAries Telecasting
300 _a662 p.
_bHB
650 _aMalayalam leterature
650 _aPoems
650 _aShort poems
942 _cBK
942 _2ddc
_n0
999 _c75724
_d75724